000 01231nam a2200277 i 4500
001 10854
003 ES-MaACL
005 20251114122951.0
007 t|
008 951207s1968 sp |||| | spa d
080 _a860.09"17"
100 1 _aArce, Joaquín.
_9180960
245 1 3 _aLa literatura española del siglo XVIII y sus fuentes extranjeras
_b: conferencias pronunciadas en la Primera Reunión de Lengua y Literatura Española del siglo XVIII /
_cpor Joaquín Arce, Nigel Glendinning y Lucien Dupuis.
260 _aOviedo :
_bUniversidad, Facultad de Filosfía y Letras,
_c1968.
300 _a127 p. ;
_c26 cm.
490 1 _aCuadernos de la Cátedra Feijóo ;
_v20
650 1 4 _aLiteratura española-
_xInfluencia extranjera.
_9151162
650 0 4 _aLiteratura española-
_yS.XVIII-
_xHistoria y crítica.
_914574
700 1 _aGlendinning, Nigel,
_d1929-2013
_957430
700 1 _aDupuis, Lucien.
_946131
710 2 _aUniversidad de Oviedo.
_bFacultad de Filosofía y Letras.
_97266
711 2 _aReunión de Lengua y Literatura española del siglo XVIII (
_n1º.
_d1968.
_cOviedo)
_9954
830 0 _aCuadernos de la Cátedra Feijóo
_v20
_9185697
852 _aES-MaACL
_jL-18428
999 _c10854
_d10854